Architectural Material And Detail Structure Metal (Record no. 10527)

000 -LEADER
fixed length control field 00361nam a2200145Ia 4500
003 - CONTROL NUMBER IDENTIFIER
control field OSt
005 - DATE AND TIME OF LATEST TRANSACTION
control field 20220329170042.0
008 - FIXED-LENGTH DATA ELEMENTS--GENERAL INFORMATION
fixed length control field 220318s9999 xx 000 0 und d
020 ## - INTERNATIONAL STANDARD BOOK NUMBER
International Standard Book Number 9788192816128
082 ## - DEWEY DECIMAL CLASSIFICATION NUMBER
Classification number 721.0447
100 ## - MAIN ENTRY--PERSONAL NAME
Personal name Pérez, Fernando, 1969-
245 #0 - TITLE STATEMENT
Title Architectural Material And Detail Structure Metal
260 ## - PUBLICATION, DISTRIBUTION, ETC. (IMPRINT)
Place of publication, distribution, etc MBS/DESIGN
942 ## - ADDED ENTRY ELEMENTS (KOHA)
Source of classification or shelving scheme
Holdings
Withdrawn status Lost status Source of classification or shelving scheme Damaged status Koha normalized classification for sorting Not for loan Permanent location Current location Date acquired Source of acquisition Cost, normal purchase price Full call number Barcode Date last seen Cost, replacement price Price effective from Koha item type
        721_044700000000000   BMS College of Architecture, Design and Planning BMS College of Architecture, Design and Planning 2022-03-28 6 2586.50 721.0447 AR-UG2619 2022-03-29 3695.00 2022-03-29 UG Books
Copyright © 2025, The Librarian, Library and Information Centre, BMSCA D&P, Bengaluru. All Rights Reserved
web counter

Powered by Koha